[Event "6. Bayer Open"]
[Site "Leverkusen"]
[Date "2009.01.26"]
[Round "2"]
[White "Wulfken, Christof"]
[Black "Müller, Tim"]
[Result "1-0"]
[WhiteElo "1893"]
[BlackElo "1609"]
[PlyCount "117"]
[EventDate "2009.??.??"]
[SourceDate "2009.01.13"]

1. d4 e6 2. Nf3 d5 3. c4 Nf6 4. Bg5 Be7 5. Nc3 O-O 6. e3 c5 7. dxc5 dxc4 8.
Qxd8 Rxd8 9. Bxc4 Bxc5 10. O-O Nc6 11. Rad1 Bd7 12. a3 Be8 13. e4 h6 14. Bh4
Rxd1 15. Rxd1 Bb6 16. Bxf6 gxf6 17. Na4 Rd8 18. Rc1 Nd4 19. Nxb6 Nxf3+ 20. gxf3
axb6 21. Rc3 Bc6 {Schwarz bietet Remis an.} 22. Bd3 Rd6 23. Kf1 Kf8 24. Ke2 Ke7
25. Ke3 e5 26. Rb3 Bd7 27. Be2 Ba4 28. Rb4 Bd7 29. f4 Be6 30. f5 Bc8 31. Bd3
Rc6 32. Bc4 Rd6 33. Bd3 Rc6 34. Rb5 Bd7 35. Rb4 Bc8 {Hier hätte Schwarz wegen
dreimaliger Stellungswiederholung Remis reklamieren können!} 36. Bc4 Rd6 37.
Be2 Rc6 38. Bd3 {Zum vierten Mal die selbe Stellung...} Rd6 39. Ra4 Bd7 40. Ra7
Bc6 41. Ra8 Rd8 42. Rxd8 Kxd8 43. Bc4 Ke7 44. f3 Be8 45. Kd2 b5 46. Bd5 b6 47.
Kc3 Kd6 48. Kb4 Kc7 49. Bb3 Kd6 50. Bc2 Bc6 51. Bd3 Bb7 52. Bxb5 Bc8 53. Bc4 h5
54. h4 Bd7 55. Bxf7 Bxf5 56. exf5 e4 57. fxe4 Ke5 58. Bxh5 Kxe4 59. Bg6 1-0

[Event "6. Bayer Open"]
[Site "Leverkusen"]
[Date "2009.01.26"]
[Round "2"]
[White "Schimpf, Rolf"]
[Black "Kolleck, Wolf-Dietrich"]
[Result "1/2-1/2"]
[WhiteElo "1763"]
[BlackElo "1524"]
[PlyCount "99"]
[EventDate "2009.??.??"]
[SourceDate "2009.01.13"]

1. c4 e6 2. Nc3 Nf6 3. e4 e5 4. g3 Be7 5. Bg2 d6 6. Nge2 O-O 7. O-O Nc6 8. h3
Be6 9. d3 h6 10. Be3 Qc8 11. Kh2 Nh7 12. g4 g5 13. Qd2 Kg7 14. Ng3 Rh8 15. Nh5+
Kf8 16. f3 Nf6 17. Nxf6 Bxf6 18. Kg1 Ne7 19. Rac1 b6 20. Ne2 c5 21. b4 Nc6 22.
bxc5 bxc5 23. Rb1 Rb8 24. Nc3 a6 25. a3 Kg7 26. Rxb8 Qxb8 27. Rb1 Qc7 28. Qc1
Rb8 29. h4 Kg6 30. hxg5 Bxg5 31. Bh3 Rxb1 32. Nxb1 Nd4 33. Kf2 Qb6 34. Bxg5
hxg5 35. Bf1 Qb3 36. Nc3 Qc2+ 37. Qxc2 Nxc2 38. a4 Nd4 39. Be2 Nc6 40. Bd1 f6
41. Ke3 Kf7 42. Kd2 Ke7 43. Ne2 Bd7 44. Kc3 Kd8 45. Ng3 Ke7 46. Nf1 Nb4 47. Ne3
Na2+ 48. Kd2 Nb4 49. Nf1 Kf7 50. Ne3 1/2-1/2

[Event "6. Bayer Open"]
[Site "Leverkusen"]
[Date "2009.01.26"]
[Round "2"]
[White "Skiber, Friedel"]
[Black "Gnass, Arno"]
[Result "1-0"]
[WhiteElo "1564"]
[BlackElo "1685"]
[PlyCount "25"]
[EventDate "2009.??.??"]
[SourceDate "2009.01.13"]

1. e4 e5 2. f4 exf4 3. Bc4 g5 4. d4 h6 5. Qd3 Qe7 6. Nc3 Nf6 7. Qe2 c6 8. e5
Ng8 9. Ne4 Qd8 10. Nf6+ Ke7 11. Qh5 d5 12. exd6+ Kxd6 13. Bxf4+ 1-0

[Event "6. Bayer Open"]
[Site "Leverkusen"]
[Date "2009.01.26"]
[Round "2"]
[White "Buchfelder, Gerhard"]
[Black "Liebsch, Ulrich"]
[Result "0-1"]
[WhiteElo "1455"]
[BlackElo "1778"]
[PlyCount "76"]
[EventDate "2009.??.??"]
[SourceDate "2009.01.13"]

1. e4 d5 2. exd5 Qxd5 3. Nc3 Qa5 4. d4 Nf6 5. Bd2 c6 6. Nf3 Bg4 7. Be2 Nbd7 8.
O-O e6 9. a3 Bd6 $2 10. Ne4 (10. Nb5 $1 $18) 10... Qc7 11. Nxd6+ Qxd6 12. Bg5
h6 13. Bh4 O-O-O 14. Bg3 Qe7 15. c3 Nh5 16. Qa4 Nxg3 17. fxg3 Kb8 18. b4 Nb6
19. Qb3 f6 20. a4 e5 21. a5 Nc8 22. Rfe1 Rhe8 23. b5 c5 24. d5 e4 25. Nd4 cxd4
26. Bxg4 d3 27. Be6 Qc5+ 28. Kh1 Nd6 29. Rad1 Re7 30. b6 Qxa5 31. bxa7+ Qxa7
32. Ra1 Qc5 33. Qa4 d2 34. Reb1 e3 35. Qc6 Qxc6 36. dxc6 d1=Q+ 37. Rxd1 Rxe6
38. cxb7 Nxb7 0-1

[Event "6. Bayer Open"]
[Site "Leverkusen"]
[Date "2009.01.26"]
[Round "2"]
[White "Hoeper, Heinz-Joachim"]
[Black "Wirtz, Uwe"]
[Result "0-1"]
[WhiteElo "1402"]
[BlackElo "1773"]
[PlyCount "92"]
[EventDate "2009.??.??"]
[SourceDate "2009.01.13"]

1. e4 Nf6 2. Nc3 d5 3. exd5 Nxd5 4. Nf3 Bg4 5. Bc4 e6 6. d3 Nb6 7. b3 Be7 8.
O-O O-O 9. Rb1 Nc6 10. Bf4 Nd4 11. Bg3 c6 12. Ne4 Nxf3+ 13. gxf3 Bh3 14. Re1
Nxc4 15. bxc4 f5 16. Rxb7 fxe4 17. fxe4 Qe8 18. Rxe7 Qxe7 19. Qh5 Qb4 20. Rd1
Bf5 21. exf5 exf5 22. Be5 Rae8 23. c3 Qb7 24. d4 Re6 25. Kf1 c5 26. Rd3 Qb1+
27. Qd1 Qxa2 28. f4 Rb6 29. Qe2 Rb1+ 30. Rd1 Rxd1+ 31. Qxd1 Qxc4+ 32. Qe2 Qxe2+
33. Kxe2 cxd4 34. c4 Kf7 35. Bxd4 a5 36. Kd3 g6 37. c5 Ke6 38. Kc4 Rb8 39. Bc3
a4 40. c6 a3 41. Be5 Rb1 42. c7 Kd7 43. Kd5 a2 44. c8=Q+ Kxc8 45. Ke6 a1=Q 46.
Bxa1 Rxa1 0-1

[Event "6. Bayer Open"]
[Site "Leverkusen"]
[Date "2009.01.26"]
[Round "2"]
[White "von Oppenkowski, Roman"]
[Black "Domnick, Michael"]
[Result "0-1"]
[WhiteElo "1365"]
[BlackElo "1740"]
[PlyCount "74"]
[EventDate "2009.??.??"]
[SourceDate "2009.01.13"]

1. e4 d5 2. exd5 Qxd5 3. Nc3 Qa5 4. d4 Nf6 5. Bd2 c6 6. h3 Bf5 7. Nf3 Qc7 8.
Bc4 e6 9. a3 Nbd7 10. Qe2 Bxc2 11. Bg5 Bg6 12. O-O O-O-O 13. Rad1 Be7 14. Rfe1
Rhe8 15. b4 Nb6 16. Bb3 a6 17. g3 Nfd5 18. Nxd5 Nxd5 19. Bxd5 Rxd5 20. Bxe7
Qxe7 21. Nh4 Qf6 22. Nxg6 hxg6 23. Qg4 Red8 24. Re4 Rf5 25. Qe2 Rf3 26. Rd3
Rxd3 27. Qxd3 Qf5 28. g4 Qg5 29. f4 Qd5 30. Qe3 Qa2 31. Qc3 Qd5 32. Qe3 Rd6 33.
h4 Rd8 34. Kh2 Qa2+ 35. Kg3 Rd5 36. Re5 Qc4 37. Re4 a5 0-1

[Event "6. Bayer Open"]
[Site "Leverkusen"]
[Date "2009.01.26"]
[Round "?"]
[White "Hingst, Dieter Max Otto"]
[Black "Axmann, Michael"]
[Result "0-1"]
[WhiteElo "1005"]
[BlackElo "1687"]
[PlyCount "64"]
[EventDate "2009.??.??"]
[SourceDate "2009.01.13"]

1. e4 e6 2. Nc3 d5 3. exd5 exd5 4. d4 Nf6 5. Nf3 Be7 6. Ne5 O-O 7. Bg5 Nbd7 8.
Nxd7 Qxd7 9. Bd3 c6 10. Qf3 Qg4 11. Qxg4 Bxg4 12. f3 Bd7 13. O-O-O b5 14. a3 a5
15. Kd2 Rfe8 16. h4 b4 17. Ne2 bxa3 18. bxa3 Bxa3 19. Bxf6 gxf6 20. h5 h6 21.
g4 Kh8 22. Nf4 Bd6 23. Ng6+ fxg6 24. hxg6 Kg7 25. Rh5 Re7 26. Rdh1 Be8 27. Rxh6
Bf4+ 28. Kc3 Bxh6 29. f4 Bxg6 30. Bxg6 Kxg6 31. g5 fxg5 32. fxg5 Bxg5 0-1

[Event "6. Bayer Open"]
[Site "Leverkusen"]
[Date "2009.01.19"]
[Round "2"]
[White "van Schyndel, Andreas"]
[Black "van Hove, Ode"]
[Result "1-0"]
[WhiteElo "1672"]
[BlackElo "1308"]
[PlyCount "59"]
[EventDate "2009.??.??"]
[SourceDate "2009.01.13"]

1. d4 Nf6 2. c4 e5 3. dxe5 Ng4 4. Bf4 Nc6 5. Nf3 Bb4+ 6. Nc3 Bxc3+ 7. bxc3 Qe7
8. Qd5 f6 9. exf6 Nxf6 10. Qd3 d6 11. e3 O-O 12. Be2 Bg4 13. O-O Ne5 14. Nxe5
Bxe2 15. Qxe2 dxe5 16. Bg5 Qe6 17. e4 Qc6 18. f3 Nd7 19. Be3 Nc5 20. Rfd1 Ne6
21. Rd5 Nf4 22. Bxf4 exf4 23. c5 b6 24. Qc4 Kh8 25. Rad1 Qe6 26. Qd4 Qe7 27.
Rd7 Qxc5 28. Qxc5 bxc5 29. Rxc7 Rfc8 30. Rdd7 1-0

[Event "6. Bayer Open"]
[Site "Leverkusen"]
[Date "2009.01.26"]
[Round "2"]
[White "Gülden, Ralf"]
[Black "Hummelsheim, Hans"]
[Result "1-0"]
[WhiteElo "1636"]
[BlackElo "1013"]
[PlyCount "89"]
[EventDate "2009.??.??"]
[SourceDate "2009.01.13"]

1. d4 d5 2. c4 e6 3. Nc3 a6 4. cxd5 exd5 5. Nf3 h6 6. e3 Bb4 7. Be2 Bxc3+ 8.
bxc3 Nf6 9. Ba3 Nbd7 10. O-O Ne4 11. Rc1 b6 12. c4 Bb7 13. cxd5 Bxd5 14. Bc4 c6
15. Bxd5 cxd5 16. Qc2 b5 17. Qc6 Nef6 18. Ne5 Rb8 19. Nxd7 Qxd7 20. Bd6 Qxc6
21. Rxc6 Rd8 22. Rxa6 Kd7 23. Bc5 Ra8 24. Rxa8 Rxa8 25. a3 Ne4 26. Bb4 Rc8 27.
f3 Nd6 28. Bxd6 Kxd6 29. Rb1 Rb8 30. Kf2 Kc6 31. a4 b4 32. Ke2 b3 33. Kd2 Rb4
34. Kc3 Rb6 35. Rxb3 Rxb3+ 36. Kxb3 f5 37. Kb4 g5 38. a5 h5 39. a6 Kb6 40. a7
Kxa7 41. Kc5 Kb7 42. Kxd5 Kc7 43. Ke5 f4 44. exf4 gxf4 45. Kxf4 1-0

[Event "6. Bayer Open"]
[Site "Leverkusen"]
[Date "2009.01.26"]
[Round "2"]
[White "Kinnert, Reinhard"]
[Black "Jakobi, Reik"]
[Result "1/2-1/2"]
[WhiteElo "1579"]
[BlackElo "1634"]
[PlyCount "124"]
[EventDate "2009.??.??"]
[SourceDate "2009.01.13"]

1. e4 c5 2. c4 Nc6 3. Nc3 d6 4. d3 g6 5. Be2 Bg7 6. Bd2 Rb8 7. Qc1 a6 8. Rb1 b5
9. cxb5 axb5 10. Nd5 e6 11. Bc3 Nd4 12. Nf4 Bh6 13. Bd2 Qf6 14. Nf3 Nxe2 15.
Nxe2 Bxd2+ 16. Qxd2 b4 17. O-O Ra8 18. Nc1 e5 19. Qg5 Qg7 20. Nd2 h6 21. Qg3 g5
22. Nc4 Qf6 23. Nb6 Rb8 24. Nd5 Qg6 25. Nb3 Ne7 26. Nxe7 Kxe7 27. Nxc5 dxc5 28.
Qxe5+ Be6 29. Qxc5+ Ke8 30. a3 bxa3 31. bxa3 Rc8 32. Qe5 Rg8 33. d4 Qg7 34.
Qxg7 Rxg7 35. d5 Bd7 36. Rb6 Ra8 37. Ra1 Ra4 38. Rb4 f6 39. Rxa4 Bxa4 40. g3
Rb7 41. Kg2 Rb3 42. h3 Ke7 43. Rc1 Rxa3 44. Rc8 Bd1 45. Rc7+ Kd6 46. Rc6+ Ke7
47. Re6+ Kf7 48. f4 gxf4 49. gxf4 Rf3 50. f5 Ra3 51. d6 Ra7 52. e5 fxe5 53.
Rxh6 Kg7 54. Re6 Rd7 55. Kg3 Kf7 56. h4 Bc2 57. Rxe5 Rxd6 58. Kf4 Bd1 {
Schwarz bietet Remis an.} 59. Kg5 Rd2 60. Ra5 Rg2+ 61. Kf4 Rf2+ 62. Ke3 Re2+
1/2-1/2

[Event "6. Bayer Open"]
[Site "Leverkusen"]
[Date "2009.02.09"]
[Round "3"]
[White "Auer, Martin"]
[Black "Peschel, Andreas"]
[Result "1/2-1/2"]
[WhiteElo "2242"]
[BlackElo "2084"]
[PlyCount "37"]
[EventDate "2009.??.??"]
[SourceDate "2009.01.13"]

1. g3 d5 2. Bg2 Nf6 3. Nf3 c6 4. d3 Bf5 5. O-O e6 6. c4 Nbd7 7. Nc3 Be7 8. b3
O-O 9. Bb2 Qc7 10. Rc1 dxc4 11. bxc4 Rfd8 12. Qc2 Rac8 13. Nd1 Ne8 14. Ne3 Bg6
15. Rb1 Bf6 16. Bxf6 Nexf6 17. Qb2 Rb8 18. Qa3 b6 19. Qc3 1/2-1/2

[Event "6. Bayer Open"]
[Site "Leverkusen"]
[Date "2009.02.09"]
[Round "3"]
[White "Pützkaul, Karl"]
[Black "Balduan, Markus"]
[Result "0-1"]
[WhiteElo "1821"]
[BlackElo "2290"]
[PlyCount "62"]
[EventDate "2009.??.??"]
[SourceDate "2009.01.13"]

1. d4 Nf6 2. Nf3 g6 3. c4 Bg7 4. Nc3 d5 5. e3 O-O 6. cxd5 Nxd5 7. Bc4 Nxc3 8.
bxc3 c5 9. O-O Qc7 10. Qe2 b6 11. Bd3 Bb7 12. e4 Nc6 13. Be3 cxd4 14. cxd4 Qd6
15. Rad1 Nb4 16. e5 Qe6 17. Ng5 Qxa2 18. Rd2 Qa5 19. Bc4 Bd5 20. Bxd5 Qxd5 21.
h4 h6 22. Nh3 Rac8 23. h5 g5 24. Qg4 f5 25. exf6 exf6 26. f4 f5 27. Qd1 g4 28.
Nf2 Rfe8 29. Nd3 Nxd3 30. Rxd3 Re4 31. Bf2 Rxf4 0-1

[Event "6. Bayer Open"]
[Site "Leverkusen"]
[Date "2009.02.09"]
[Round "3"]
[White "Buchkremer, Felix"]
[Black "Kniest, Oliver"]
[Result "0-1"]
[WhiteElo "2040"]
[BlackElo "2213"]
[PlyCount "68"]
[EventDate "2009.??.??"]
[SourceDate "2009.01.13"]

1. e4 g6 2. d4 Bg7 3. Nc3 d6 4. f4 e6 5. Nf3 Ne7 6. Be3 Nd7 7. a4 a6 8. Qd2 b6
9. Be2 Bb7 10. O-O Nf6 11. Qd3 c5 12. Rad1 c4 13. Qxc4 Nxe4 14. Nxe4 Bxe4 15.
Ng5 Bd5 16. Qd3 h6 17. Nf3 O-O 18. c4 Bc6 19. b3 Rb8 20. Ra1 Qc7 21. Ra2 Qb7
22. Ne1 Rfd8 23. Bf3 d5 24. Nc2 dxc4 25. bxc4 Bxf3 26. Rxf3 Nf5 27. Bf2 Qd7 28.
Rb2 Qxa4 29. Rb4 Qd7 30. d5 exd5 31. Rxb6 Rxb6 32. Bxb6 dxc4 33. Qxc4 Rc8 34.
Qe4 Qc6 0-1

[Event "6. Bayer Open"]
[Site "Leverkusen"]
[Date "2009.02.09"]
[Round "3"]
[White "Reinemer, Frank"]
[Black "Scharff, Klaus"]
[Result "1-0"]
[WhiteElo "2151"]
[BlackElo "1863"]
[PlyCount "57"]
[EventDate "2009.??.??"]
[SourceDate "2009.01.13"]

1. d4 e6 2. c4 d6 3. e4 Ne7 4. Nc3 Nd7 5. f4 g6 6. Nf3 Bg7 7. Bd3 e5 8. fxe5
dxe5 9. d5 O-O 10. Bc2 Nc5 11. Be3 b6 12. b4 Na6 13. Rb1 f5 14. O-O fxe4 15.
Bxe4 Bf5 16. d6 cxd6 17. Bxa8 Bxb1 18. Bd5+ Kh8 19. Qxb1 Qc8 20. Qb3 Qg4 21. h3
Qh5 22. Ne4 Nf5 23. Bf2 Nc7 24. Nfg5 Nxd5 25. cxd5 Nd4 26. Bxd4 Rxf1+ 27. Kxf1
exd4 28. Qc2 h6 29. Qc8+ 1-0

[Event "6. Bayer Open"]
[Site "Leverkusen"]
[Date "2009.02.09"]
[Round "3"]
[White "Angermünde, Dirk"]
[Black "Wolfradt, Dirk"]
[Result "1/2-1/2"]
[WhiteElo "1966"]
[BlackElo "2078"]
[PlyCount "25"]
[EventDate "2009.??.??"]
[SourceDate "2009.01.13"]

1. e4 Nf6 2. Nc3 d5 3. exd5 Nxd5 4. Bc4 Nxc3 5. Qf3 e6 6. dxc3 Qf6 7. Be3 Qxf3
8. Nxf3 b6 9. O-O-O Bd6 10. Bb5+ Bd7 11. Nd4 Bxb5 12. Nxb5 Ke7 13. Rhe1 1/2-1/2

[Event "6. Bayer Open"]
[Site "Leverkusen"]
[Date "2009.02.09"]
[Round "3"]
[White "Brinkmann, Sven"]
[Black "Niederreuther, Mark-Niels"]
[Result "1/2-1/2"]
[WhiteElo "1896"]
[BlackElo "1904"]
[PlyCount "40"]
[EventDate "2009.??.??"]
[SourceDate "2009.01.13"]

1. e4 d6 2. d4 g6 3. Bc4 Bg7 4. Nc3 c5 5. Be3 Nd7 6. Nge2 cxd4 7. Bxd4 Ngf6 8.
O-O O-O 9. Ng3 Ne8 10. Nd5 Ne5 11. Bb3 Nc7 12. f4 Nc6 13. Bxg7 Kxg7 14. Kh1 Na5
15. Qd4+ f6 16. c3 Nxb3 17. axb3 a6 18. Nb6 Rb8 19. f5 Bd7 20. Nxd7 Qxd7
1/2-1/2

[Event "6. Bayer Open"]
[Site "Leverkusen"]
[Date "2009.02.09"]
[Round "3"]
[White "Khanukov, Boris"]
[Black "Sockel, Karl-Heinz"]
[Result "1-0"]
[WhiteElo "2361"]
[BlackElo "1932"]
[PlyCount "53"]
[EventDate "2009.??.??"]
[SourceDate "2009.01.13"]

1. d4 f5 2. c4 Nf6 3. g3 g6 4. Bg2 Bg7 5. Nc3 d6 6. Nf3 O-O 7. O-O Qe8 8. d5 a5
9. Nd4 Na6 10. Rb1 Bd7 11. b3 c6 12. Bb2 Nc7 13. Qd2 Rd8 14. e4 f4 15. gxf4 Nh5
16. Nce2 c5 17. Nf3 Bxb2 18. Rxb2 Qf7 19. f5 gxf5 20. e5 e6 21. exd6 Ne8 22.
Ng5 Qg6 23. dxe6 Bxe6 24. Nxe6 Rxd6 25. Nxf8 Rxd2 26. Nxg6 Rxb2 27. Ngf4 1-0

[Event "6. Bayer Open"]
[Site "Leverkusen"]
[Date "2009.02.09"]
[Round "3"]
[White "Krauth, Alexander"]
[Black "Bosbach, Jens"]
[Result "1-0"]
[WhiteElo "2132"]
[BlackElo "1844"]
[PlyCount "21"]
[EventDate "2009.??.??"]
[SourceDate "2009.01.13"]

1. e4 c6 2. d4 d5 3. exd5 cxd5 4. c4 Nc6 5. Nf3 Nf6 6. Nc3 Bg4 7. cxd5 Nxd5 8.
Qb3 Nb6 9. d5 Na5 10. Qb4 Nd7 11. Qxg4 1-0

[Event "6. Bayer Open"]
[Site "Leverkusen"]
[Date "2009.02.09"]
[Round "3"]
[White "Kies, Werner"]
[Black "Schillings, Peter"]
[Result "1/2-1/2"]
[WhiteElo "1916"]
[BlackElo "1836"]
[PlyCount "32"]
[EventDate "2009.??.??"]
[SourceDate "2009.01.13"]

1. e4 c5 2. Nc3 Nc6 3. f4 d6 4. Nf3 Nf6 5. Bb5 Bd7 6. d3 e6 7. O-O Be7 8. Kh1
O-O 9. d4 cxd4 10. Nxd4 Nxd4 11. Qxd4 Bxb5 12. Nxb5 d5 13. exd5 Nxd5 14. c4 Bf6
15. Qe4 Nb4 16. Be3 Qd3 1/2-1/2

[Event "6. Bayer Open"]
[Site "Leverkusen"]
[Date "2009.02.09"]
[Round "3"]
[White "Ziabari, Morteza"]
[Black "Baier, Uwe"]
[Result "1-0"]
[WhiteElo "1840"]
[BlackElo "1719"]
[PlyCount "63"]
[EventDate "2009.??.??"]
[SourceDate "2009.01.13"]

1. e4 d6 2. d4 Nd7 3. f4 e5 4. c3 Ngf6 5. Bd3 Qe7 6. fxe5 dxe5 7. Nf3 exd4 8.
cxd4 c5 9. O-O cxd4 10. e5 Nd5 11. Bg5 Qc5 12. Qd2 h6 13. Bh4 Ne3 14. Rc1 Qb6
15. e6 Nf6 16. exf7+ Kxf7 17. Ne5+ Ke6 18. Nc4 Qb4 19. Qe2 Qc5 20. Nbd2 Qh5 21.
Qe1 Kf7 22. Nf3 Bf5 23. Nfe5+ Kg8 24. Be2 Qe8 25. Nxe3 dxe3 26. Bc4+ Be6 27.
Bd3 Bf7 28. Bxf6 gxf6 29. Qg3+ Bg7 30. Nxf7 Rh7 31. Bxh7+ Kxh7 32. Nd6 1-0

[Event "6. Bayer Open"]
[Site "Leverkusen"]
[Date "2009.02.09"]
[Round "3"]
[White "Weinmann-Musset, Manfred"]
[Black "Bigott, Martin"]
[Result "0-1"]
[WhiteElo "1893"]
[BlackElo "1683"]
[PlyCount "74"]
[EventDate "2009.??.??"]
[SourceDate "2009.01.13"]

1. d4 Nf6 2. c4 g6 3. Nc3 d5 4. cxd5 Nxd5 5. e4 Nxc3 6. bxc3 Bg7 7. Bc4 c5 8.
Ne2 O-O 9. h4 h5 10. Be3 Nc6 11. Qd2 Qa5 12. Rd1 Rd8 13. O-O e6 14. Qb2 a6 15.
a3 b5 16. Ba2 cxd4 17. cxd4 Bb7 18. Qb3 Ne7 19. Bg5 Rd7 20. Qh3 Bxe4 21. Bxe6
Bf5 22. Bxd7 Bxh3 23. Bxh3 Nd5 24. Rd3 Re8 25. Nc1 Re1 26. g3 Rxf1+ 27. Bxf1
Bf8 28. Bd2 Qa4 29. Bg2 Nb6 30. Bc6 Bxa3 31. Nb3 Bd6 32. Bg5 Qc4 33. Be4 f5 34.
Na5 Qa4 35. Bxf5 gxf5 36. Nb7 Bf8 37. d5 Qe4 0-1

[Event "6. Bayer Open"]
[Site "Leverkusen"]
[Date "2009.02.09"]
[Round "3"]
[White "Balduan, Karl-Heinz"]
[Black "Witte, Thomas"]
[Result "0-1"]
[WhiteElo "1464"]
[BlackElo "1704"]
[PlyCount "110"]
[EventDate "2009.??.??"]
[SourceDate "2009.01.13"]

1. d4 e5 2. c3 exd4 3. cxd4 Bb4+ 4. Bd2 Bxd2+ 5. Nxd2 d5 6. Nb3 Nf6 7. e3 O-O
8. g3 c6 9. Rc1 Bf5 10. Bd3 Bxd3 11. Qxd3 Nbd7 12. Ne2 Re8 13. Kf1 Ne4 14. Nc3
Qf6 15. Nxe4 Rxe4 16. Nd2 Re6 17. Kg2 Rae8 18. b4 a6 19. a4 b5 20. Ra1 Qh6 21.
Nb3 bxa4 22. Rxa4 Nb6 23. Rxa6 Nc4 24. Rf1 g5 25. Qf5 Rxe3 26. Ra7 Nd6 27. Qg4
Rxb3 28. h4 Qg6 29. Qd7 Qe4+ 30. Kh2 Qe6 31. hxg5 Qxd7 32. Rxd7 Ne4 33. Rc7
Rxb4 34. Re1 Rbb8 35. Kg2 Nxg5 36. Rc1 Ne6 37. R7xc6 Nxd4 38. Rh6 Ne6 39. Rch1
Nf8 40. R1h4 Re6 41. R6h5 Rd8 42. Rd4 Red6 43. f4 Ne6 44. Rd1 Ng7 45. Rhh1 Nf5
46. Rd3 d4 47. g4 Ne3+ 48. Kf3 Rg6 49. Rh4 Kg7 50. g5 Nf5 51. Rh1 Re6 52. Kf2
Re3 53. Rhd1 Rde8 54. R1d2 R8e4 55. Rxe3 dxe3+ 0-1

[Event "6. Bayer Open"]
[Site "Leverkusen"]
[Date "2009.02.09"]
[Round "3"]
[White "Neumann, Thomas"]
[Black "Rotstein, Jefim"]
[Result "0-1"]
[WhiteElo "1567"]
[BlackElo "2279"]
[PlyCount "88"]
[EventDate "2009.??.??"]
[SourceDate "2009.01.13"]

1. d4 Nf6 2. c4 c5 3. e3 e6 4. Nc3 d5 5. Nf3 Nc6 6. Be2 dxc4 7. Bxc4 a6 8. a4
cxd4 9. Nxd4 Nxd4 10. Qxd4 Qxd4 11. exd4 Bd7 12. Bf4 Rc8 13. Bb3 Bb4 14. Bd2
O-O 15. O-O Rfd8 16. Rac1 Bc6 17. Be3 Rd7 18. Rfd1 Rcd8 19. f3 Ba5 20. d5 Nxd5
21. Nxd5 Bxd5 22. Bxd5 Rxd5 23. Rxd5 exd5 24. Bd4 f6 25. Kf2 Rd7 26. g3 Kf7 27.
f4 Rc7 28. Rc5 Rxc5 29. Bxc5 Ke6 30. Kf3 h5 31. Ke3 Bc7 32. Kd4 g6 33. Ke3 Bd6
34. Bb6 g5 35. fxg5 fxg5 36. Bd8 Be7 37. Bb6 Bf6 38. b3 Kf5 39. Kf3 d4 40. Ba5
g4+ 41. Ke2 Ke4 42. Bd2 d3+ 43. Kf2 Bd4+ 44. Kf1 Be3 0-1

[Event "6. Bayer Open"]
[Site "Leverkusen"]
[Date "2009.02.09"]
[Round "3"]
[White "Wirtz, Uwe"]
[Black "Hirth, Ulrich"]
[Result "0-1"]
[WhiteElo "1773"]
[BlackElo "2089"]
[PlyCount "60"]
[EventDate "2009.??.??"]
[SourceDate "2009.01.13"]

1. e4 c5 2. c3 Nf6 3. e5 Nd5 4. d4 cxd4 5. cxd4 d6 6. exd6 Qxd6 7. Nf3 Nc6 8.
Nc3 Bg4 9. Be2 e6 10. O-O Be7 11. h3 Bh5 12. Be3 O-O 13. Rc1 Rfd8 14. Ne4 Qd7
15. Ng3 Bg6 16. Bb5 Nxe3 17. fxe3 Bd6 18. Bxc6 bxc6 19. Ne2 Rac8 20. Nc3 c5 21.
Nh4 Bb8 22. Nxg6 hxg6 23. dxc5 Qc7 24. Qf3 Qh2+ 25. Kf2 Rxc5 26. Ke2 Qc7 27.
Rcd1 Rc8 28. Rd4 Rf5 29. Rf4 Qb6 30. Rxf5 Qxb2+ 0-1

[Event "6. Bayer Open"]
[Site "Leverkusen"]
[Date "2009.02.09"]
[Round "3"]
[White "Domnick, Michael"]
[Black "Böhm, Stefan"]
[Result "1/2-1/2"]
[WhiteElo "1740"]
[BlackElo "1976"]
[PlyCount "53"]
[EventDate "2009.??.??"]
[SourceDate "2009.01.13"]

1. e4 c5 2. Bc4 e6 3. Nc3 Nc6 4. a3 Nf6 5. d3 d5 6. exd5 exd5 7. Ba2 Be7 8.
Nge2 O-O 9. O-O Bg4 10. f3 Bf5 11. Nf4 d4 12. Ne4 Ne5 13. Re1 Bxe4 14. fxe4 Qd7
15. Nd5 Nxd5 16. Bxd5 Rab8 17. Bf4 Bd6 18. Rf1 Kh8 19. Bxe5 Bxe5 20. Qh5 f6 21.
Rf3 Qe8 22. Qf5 g6 23. Qg4 b6 24. Rh3 Rc8 25. Rf1 Rc7 26. Rh6 Rg7 27. b3
1/2-1/2

[Event "6. Bayer Open"]
[Site "Leverkusen"]
[Date "2009.02.09"]
[Round "3"]
[White "Wieland, Ingo"]
[Black "Wulfken, Christof"]
[Result "1/2-1/2"]
[WhiteElo "1725"]
[BlackElo "1893"]
[PlyCount "38"]
[EventDate "2009.??.??"]
[SourceDate "2009.01.13"]

1. e4 c5 2. Nf3 d6 3. d4 cxd4 4. Nxd4 a6 5. Nc3 Bd7 6. Bc4 e6 7. Be3 Qc7 8. Bb3
Nc6 9. Qd2 Nf6 10. f3 Na5 11. g4 e5 12. Nde2 Nxb3 13. axb3 h6 14. Na4 Bxa4 15.
bxa4 Rd8 16. Nc3 Be7 17. h4 Qc6 18. O-O-O b5 19. a5 Qc4 1/2-1/2

[Event "6. Bayer Open"]
[Site "Leverkusen"]
[Date "2009.02.09"]
[Round "3"]
[White "Arnold, Bodo"]
[Black "Friedsam, Manfred"]
[Result "0-1"]
[WhiteElo "1705"]
[BlackElo "1850"]
[PlyCount "44"]
[EventDate "2009.??.??"]
[SourceDate "2009.01.13"]

1. e4 e6 2. Qe2 b6 3. g3 Bb7 4. Bg2 Nf6 5. d3 Be7 6. Nc3 O-O 7. f4 d5 8. e5
Nfd7 9. Nf3 c5 10. Bd2 Nc6 11. a3 a6 12. h4 Qc7 13. Ng5 Nd4 14. Qh5 h6 15.
O-O-O b5 16. Nf3 b4 17. axb4 Nxf3 18. Bxf3 cxb4 19. g4 bxc3 20. Bxc3 d4 21.
Bxb7 dxc3 22. g5 Qa5 0-1

[Event "6. Bayer Open"]
[Site "Leverkusen"]
[Date "2009.02.09"]
[Round "3"]
[White "Birnkott, Manfred"]
[Black "van Schyndel, Andreas"]
[Result "1-0"]
[WhiteElo "1906"]
[BlackElo "1672"]
[PlyCount "51"]
[EventDate "2009.??.??"]
[SourceDate "2009.01.13"]

1. e4 e6 2. d4 d5 3. Nc3 Nf6 4. Bg5 Bb4 5. e5 h6 6. Be3 Ne4 7. a3 Bxc3+ 8. bxc3
c5 9. Qg4 g6 10. Bd3 h5 11. Qf3 Nxc3 12. Ne2 Nxe2 13. Bxe2 cxd4 14. Bxd4 Nc6
15. Bb2 Qg5 16. O-O Bd7 17. Rab1 b6 18. c4 Ne7 19. Qf6 Qxf6 20. exf6 Nf5 21.
cxd5 Rc8 22. dxe6 Bxe6 23. Bb5+ Kd8 24. Rfd1+ Kc7 25. Ba6 Rcd8 26. Be5+ 1-0

[Event "6. Bayer Open"]
[Site "Leverkusen"]
[Date "2009.02.09"]
[Round "3"]
[White "Gerdau, Andreas"]
[Black "Gülden, Ralf"]
[Result "1-0"]
[WhiteElo "1883"]
[BlackElo "1636"]
[PlyCount "57"]
[EventDate "2009.??.??"]
[SourceDate "2009.01.13"]

1. e4 c5 2. c3 d6 3. d4 cxd4 4. cxd4 g6 5. Nc3 Bg7 6. Nf3 Bg4 7. Be2 Nf6 8. h3
Bxf3 9. Bxf3 Nbd7 10. O-O O-O 11. Be3 a6 12. Rc1 e5 13. Qc2 Rc8 14. Rfd1 exd4
15. Bxd4 Ne5 16. Be2 Nc4 17. Bxc4 Rxc4 18. Qd3 Rc6 19. Be3 Nd7 20. Nd5 Rxc1 21.
Rxc1 Ne5 22. Qd2 Nc6 23. b4 Re8 24. f3 Re5 25. a4 f5 26. b5 axb5 27. axb5 Na5
28. Bb6 Nb3 29. Qd1 1-0

[Event "6. Bayer Open"]
[Site "Leverkusen"]
[Date "2009.02.09"]
[Round "3"]
[White "Karwatzki, Hans-Jürgen"]
[Black "Runte, Dirk"]
[Result "1/2-1/2"]
[WhiteElo "1674"]
[BlackElo "1610"]
[PlyCount "69"]
[EventDate "2009.??.??"]
[SourceDate "2009.01.13"]

1. e4 d5 2. exd5 Qxd5 3. Nc3 Qa5 4. d4 Nf6 5. Bd2 Bf5 6. Nf3 Nbd7 7. Bc4 c6 8.
O-O Qc7 9. Re1 e6 10. h3 O-O-O 11. a4 Bd6 12. a5 h6 13. Bd3 g5 14. b4 Bf4 15.
b5 Bxd2 16. Qxd2 g4 17. b6 axb6 18. axb6 Nxb6 19. Ne5 gxh3 20. Bxf5 exf5 21.
Ra7 Ne4 22. Qe3 hxg2 23. Rea1 Kb8 24. Nxe4 fxe4 25. Qa3 Qd6 26. Qxd6+ Rxd6 27.
Nxf7 Rdd8 28. Nxh8 Rxh8 29. Kxg2 Kc7 30. Re1 Re8 31. Ra3 Nd5 32. c4 Nf4+ 33.
Kg3 Nd3 34. Rxd3 exd3 35. Rd1 1/2-1/2